MARC details
| 000 -LEADER |
| campo de control de longitud fija |
02740cam a22007214a 4500 |
| 001 - NÚMERO DE CONTROL |
| campo de control |
83740 |
| 005 - FECHA Y HORA DE LA ÚLTIMA TRANSACCIÓN |
| campo de control |
20230410103754.0 |
| 008 - DATOS DE LONGITUD FIJA--INFORMACIÓN GENERAL |
| campo de control de longitud fija |
040706s2005 enkab b 001 0 eng |
| 010 ## - NÚMERO DE CONTROL DE LA BIBLIOTECA DEL CONGRESO |
| Número de control de LC |
2004051149 |
| 035 ## - NÚMERO DE CONTROL DEL SISTEMA |
| Número de control de sistema |
(OCoLC)ocm55962278 |
| 040 ## - FUENTE DE CATALOGACIÓN |
| Centro catalogador/agencia de origen |
DLC |
| Centro/agencia transcriptor |
DLC |
| Centro/agencia modificador |
BWKUK |
| -- |
OCL |
| -- |
BAKER |
| -- |
UKM |
| -- |
OCO |
| -- |
IG# |
| -- |
YDXCP |
| -- |
OCLNG |
| -- |
OKU |
| 015 ## - NÚMERO DE BIBLIOGRAFÍA NACIONAL |
| Número de bibliografía nacional |
GBA479911 |
| Fuente |
bnb |
| 016 7# - NÚMERO DE CONTROL DE UNA AGENCIA BIBLIOGRÁFICA NACIONAL |
| Número de control del registro |
013033118 |
| Fuente |
Uk |
| 020 ## - NÚMERO INTERNACIONAL ESTÁNDAR DEL LIBRO |
| Número Internacional Estándar del Libro |
0415319412 |
| 020 ## - NÚMERO INTERNACIONAL ESTÁNDAR DEL LIBRO |
| Número Internacional Estándar del Libro |
9780415319416 |
| 020 ## - NÚMERO INTERNACIONAL ESTÁNDAR DEL LIBRO |
| Número Internacional Estándar del Libro |
0415319420 (pbk.) |
| 020 ## - NÚMERO INTERNACIONAL ESTÁNDAR DEL LIBRO |
| Número Internacional Estándar del Libro |
9780415319423 (pbk.) |
| 029 1# - OTRO NÚMERO DE CONTROL DE SISTEMA (OCLC) |
| Identificador de la biblioteca OCLC |
IG# |
| Número de control de sistema |
0415319412 |
| 029 1# - OTRO NÚMERO DE CONTROL DE SISTEMA (OCLC) |
| Identificador de la biblioteca OCLC |
IG# |
| Número de control de sistema |
0415319420 |
| 029 1# - OTRO NÚMERO DE CONTROL DE SISTEMA (OCLC) |
| Identificador de la biblioteca OCLC |
YDXCP |
| Número de control de sistema |
100374054 |
| 029 1# - OTRO NÚMERO DE CONTROL DE SISTEMA (OCLC) |
| Identificador de la biblioteca OCLC |
YDXCP |
| Número de control de sistema |
2130706 |
| 029 1# - OTRO NÚMERO DE CONTROL DE SISTEMA (OCLC) |
| Identificador de la biblioteca OCLC |
NZ1 |
| Número de control de sistema |
8666812 |
| 029 1# - OTRO NÚMERO DE CONTROL DE SISTEMA (OCLC) |
| Identificador de la biblioteca OCLC |
AU@ |
| Número de control de sistema |
000025995332 |
| 029 1# - OTRO NÚMERO DE CONTROL DE SISTEMA (OCLC) |
| Identificador de la biblioteca OCLC |
NZ1 |
| Número de control de sistema |
12471092 |
| 029 1# - OTRO NÚMERO DE CONTROL DE SISTEMA (OCLC) |
| Identificador de la biblioteca OCLC |
IG# |
| Número de control de sistema |
9780415319416 |
| 029 1# - OTRO NÚMERO DE CONTROL DE SISTEMA (OCLC) |
| Identificador de la biblioteca OCLC |
UNITY |
| Número de control de sistema |
00981616X |
| 029 1# - OTRO NÚMERO DE CONTROL DE SISTEMA (OCLC) |
| Identificador de la biblioteca OCLC |
COVCL |
| Número de control de sistema |
0415319412 |
| 029 1# - OTRO NÚMERO DE CONTROL DE SISTEMA (OCLC) |
| Identificador de la biblioteca OCLC |
UKHER |
| Número de control de sistema |
0415319412 |
| 029 1# - OTRO NÚMERO DE CONTROL DE SISTEMA (OCLC) |
| Identificador de la biblioteca OCLC |
WARCC |
| Número de control de sistema |
0415319420 |
| 029 1# - OTRO NÚMERO DE CONTROL DE SISTEMA (OCLC) |
| Identificador de la biblioteca OCLC |
UKBED |
| Número de control de sistema |
0415319420 |
| 029 1# - OTRO NÚMERO DE CONTROL DE SISTEMA (OCLC) |
| Identificador de la biblioteca OCLC |
UKKCC |
| Número de control de sistema |
0415319412 |
| 029 1# - OTRO NÚMERO DE CONTROL DE SISTEMA (OCLC) |
| Identificador de la biblioteca OCLC |
UKKCC |
| Número de control de sistema |
0415319420 |
| 029 1# - OTRO NÚMERO DE CONTROL DE SISTEMA (OCLC) |
| Identificador de la biblioteca OCLC |
UKWSX |
| Número de control de sistema |
0415319412 |
| 029 1# - OTRO NÚMERO DE CONTROL DE SISTEMA (OCLC) |
| Identificador de la biblioteca OCLC |
UKODM |
| Número de control de sistema |
0415319420 |
| 029 1# - OTRO NÚMERO DE CONTROL DE SISTEMA (OCLC) |
| Identificador de la biblioteca OCLC |
UKTDV |
| Número de control de sistema |
0415319420 |
| 029 1# - OTRO NÚMERO DE CONTROL DE SISTEMA (OCLC) |
| Identificador de la biblioteca OCLC |
HR0 |
| Número de control de sistema |
0415319412 |
| 029 1# - OTRO NÚMERO DE CONTROL DE SISTEMA (OCLC) |
| Identificador de la biblioteca OCLC |
UKKLI |
| Número de control de sistema |
0415319420 |
| 035 ## - NÚMERO DE CONTROL DEL SISTEMA |
| Número de control de sistema |
(OCoLC)55962278 |
| 042 ## - CÓDIGO DE AUTENTICACIÓN |
| Código de autenticación |
pcc |
| 043 ## - CÓDIGO DE ÁREA GEOGRÁFICA |
| Código de área geográfica |
e------ |
| -- |
ff----- |
| -- |
aw----- |
| 050 14 - SIGNATURA TOPOGRÁFICA DE LA BIBLIOTECA DEL CONGRESO |
| Número de clasificación |
324 DG 285 |
| Número de ítem |
N452S 2005 |
| 082 00 - NÚMERO DE LA CLASIFICACIÓN DECIMAL DEWEY |
| Número de clasificación |
937/.07/0922 |
| 049 ## - FONDOS LOCALES (OCLC) |
| Biblioteca depositaria |
GRAL |
| 100 1# - ENTRADA PRINCIPAL--NOMBRE DE PERSONA |
| Nombre de persona |
Shotter, D. C. A. |
| Forma completa/desarrollada del nombre |
(David Colin Arthur) |
| 245 10 - MENCIÓN DEL TÍTULO |
| Título |
Nero / |
| Mención de responsabilidad, etc. |
David Shotter. |
| 250 ## - MENCION DE EDICION |
| Mención de edición |
2a ed. |
| 260 ## - PUBLICACIÓN, DISTRIBUCIÓN, ETC. |
| Lugar de publicación, distribución, etc. |
London ; |
| -- |
New York : |
| Nombre del editor, distribuidor, etc. |
Routledge, |
| Fecha de publicación, distribución, etc. |
c2005. |
| 300 ## - DESCRIPCIÓN FÍSICA |
| Extensión |
117 p. : |
| Otras características físicas |
ill., maps ; |
| Dimensiones |
23 cm. |
| 440 #0 - MENCIÓN DE SERIE/PUNTO DE ACCESO ADICIONAL--TÍTULO |
| Título |
Lancaster pamphlets in ancient history |
| 504 ## - NOTA DE BIBLIOGRAFÍA, ETC. |
| Nota de bibliografía, etc. |
Includes bibliographical references (p. [111]-112) and index. |
| 505 0# - NOTA DE CONTENIDO CON FORMATO |
| Nota de contenido con formato |
Family and politics -- Nero's early life and accession -- The new Augustus -- Empire and provinces -- Hellenistic monarch or Roman megalomaniac? -- Opposition and rebellion -- The end of Nero : civil war -- Appendix I : principal dates in Nero's life and reign -- Appendix II : Galba's speech to Piso -- Appendix III : Nero's Golden House -- Appendix IV : Glossary of Latin terms -- Appendix V : Accounts of Nero's life and principate. |
| 600 00 - PUNTO DE ACCESO ADICIONAL DE MATERIA--NOMBRE DE PERSONA |
| Nombre de persona |
Nero, |
| Títulos y otros términos asociados al nombre |
Emperor of Rome, |
| Fechas asociadas al nombre |
37-68. |
| 650 #0 - PUNTO DE ACCESO ADICIONAL DE MATERIA--TÉRMINO DE MATERIA |
| Término de materia o nombre geográfico como elemento de entrada |
Emperors |
| Subdivisión geográfica |
Rome |
| Subdivisión de forma |
Biography. |
| 651 #0 - PUNTO DE ACCESO ADICIONAL DE MATERIA--NOMBRE GEOGRÁFICO |
| Nombre geográfico |
Rome |
| Subdivisión general |
History |
| Subdivisión cronológica |
Nero, 54-68. |
| 856 42 - LOCALIZACIÓN Y ACCESO ELECTRÓNICOS |
| Materiales especificados |
Publisher description |
| Identificador Uniforme de Recursos |
<a href="http://www.loc.gov/catdir/enhancements/fy0651/2004051149-d.html">http://www.loc.gov/catdir/enhancements/fy0651/2004051149-d.html</a> |
| 938 ## - |
| -- |
YBP Library Services |
| -- |
YANK |
| -- |
100374054 |
| 938 ## - |
| -- |
Baker & Taylor |
| -- |
BKTY |
| -- |
90.00 |
| -- |
90.00 |
| -- |
0415319412 |
| -- |
0006070732 |
| -- |
active |
| 938 ## - |
| -- |
Baker & Taylor |
| -- |
BKTY |
| -- |
22.95 |
| -- |
22.95 |
| -- |
0415319420 |
| -- |
0006070733 |
| -- |
active |
| 938 ## - |
| -- |
Taylor & Francis |
| -- |
TYFR |
| -- |
0415319412 |
| 938 ## - |
| -- |
Ingram |
| -- |
INGR |
| -- |
9780415319416 |
| 942 ## - ELEMENTOS DE ENTRADA SECUNDARIOS (KOHA) |
| Fuente del sistema de clasificación o colocación |
Clasificación de Library of Congress |
| Tipo de ítem Koha |
|
| 994 ## - |
| -- |
C0 |
| -- |
DRFGD |